La Bible de A à Z - Statistiques

Statistiques générales
  • Ce quiz a été pris 28 390 fois
    27 652 depuis la dernière actualisation
  • Le résultat moyen est 13 sur 24
Statistiques - réponses
Indice Réponse % Correct
A Disciples au nombre de 12, qui entouraient Jésus Apôtres
95%
E Jardin merveilleux infesté par un serpent Eden
93%
N Il a construit une arche pour survivre au déluge Noé
92%
B Ville de naissance de Jésus Bethléem
85%
V Ce en quoi Jésus changea l'eau lors des noces de Cana Vin
85%
D Roi, père de Salomon, qui a vaincu le géant Goliath grâce à sa fronde David
83%
Q Nombre de jours pendant lesquels Jésus s'est retiré dans le désert et a jeûné Quarante
83%
G Premier livre de la Bible Genèse
78%
F Une des paraboles de Jésus : Le ____ prodigue Fils
76%
C Il a tué son frère Abel Caïn
75%
U "Car Dieu a tant aimé le monde qu'il a donné son Fils _______, afin que quiconque croit en lui ne se perde pas, mais obtienne la vie éternelle." Unique
60%
I Autre nom pour Jacob en l'honneur duquel est nommée la terre promise Israël
55%
O Type de zone où le peuple d'Israël trouva refuge pendant son exode, pour échapper à l'aridité du désert Oasis
55%
T Il n'a cru qu'après avoir vu Thomas
50%
P Cantiques sacrés, au nombre de 150 Psaumes
49%
H Roi qui fit tuer tous les enfants de moins de deux ans de sa ville lorsqu'il apprit la naissance de Jésus Hérode
38%
J Il fut 3 jours et 3 nuits dans le ventre d'un "grand poisson" Jonas
36%
L Homme de Béthanie que Jésus ressuscita 4 jours après sa mort Lazare
31%
M Homme qui vécut pendant 969 années Mathusalem
31%
S "Ce n'est pas en me disant : "________, ________ ! " qu'on entrera dans le royaume des Cieux, mais c'est en faisant la volonté de mon Père qui est au cieux." Seigneur
25%
X Roi de Perse qui apparaît dans le Livre d'Esther Xerxès
23%
Z Père de Jean le Baptiste et époux d'Élisabeth Zacharie
23%
R Femme dont l'histoire est relatée dans le huitième livre Ruth
19%
K Nom de l'apôtre Pierre en araméen Kephas
6%
Aucun quiz correspondant
Distribution des résultats
% des personnes avec chaque résultat
Percentile par nombre de réponses
Votre historique - résultats
Vous n’avez pas pris ce quiz depuis la dernière actualisation